A tiszai ciánszennyezés természeti, gazdasági és társadalmi következményei
Elmentve itt :
| Szerző: | |
|---|---|
| További közreműködők: | |
| Dokumentumtípus: | Szakdolgozat |
| Megjelent: |
2001
|
| Kulcsszavak: | Tisza Ciánszennyezés Szamos |
| Tárgyszavak: | |
| Online Access: | http://diploma.bibl.u-szeged.hu/100898 |
| LEADER | 00762nta a2200229 i 4500 | ||
|---|---|---|---|
| 001 | dipl100898 | ||
| 005 | 20220119073803.0 | ||
| 008 | 211223s2001 hu om 0|| zxx d | ||
| 040 | |a SZTE Diploma Repozitórium |b hun | ||
| 041 | |a zxx | ||
| 100 | 1 | |a Monoki Szabolcs | |
| 245 | 1 | 2 | |a A tiszai ciánszennyezés természeti, gazdasági és társadalmi következményei |h [elektronikus dokumentum] / |c Szabolcs Monoki |
| 260 | |c 2001 | ||
| 300 | |a 53 | ||
| 650 | 4 | |a Természettudományok | |
| 650 | 4 | |a Environmental sciences (social aspects) | |
| 695 | |a Tisza | ||
| 695 | |a Ciánszennyezés | ||
| 695 | |a Tisza | ||
| 695 | |a Szamos | ||
| 700 | 1 | |a Baracs Gabriella |e ths | |
| 856 | 4 | 0 | |u http://diploma.bibl.u-szeged.hu/id/eprint/100898/2/2001_monoki_szabolcs.pdf |z Dokumentum-elérés |